Colores (Record no. 204975)

MARC details
000 -CABECERA
campo de control de longitud fija 00736nam a2200265 u 4500
003 - IDENTIFICADOR DEL NÚMERO DE CONTROL
campo de control MX-MxUPN
005 - FECHA Y HORA DE LA ÚLTIMA TRANSACCIÓN
campo de control 20240522181814.0
008 - ELEMENTOS DE LONGITUD FIJA--INFORMACIÓN GENERAL
campo de control de longitud fija 190917s2012 mx o ar 000 0 spa d
020 ## - NÚMERO INTERNACIONAL NORMALIZADO PARA LIBROS
Número Internacional Estándar del Libro 9786074005813
035 ## - NÚMERO DE CONTROL DEL SISTEMA
Número de control de sistema UPN01000232880
040 ## - FUENTE DE LA CATALOGACIÓN
Centro catalogador/agencia de origen MX-MxUPN
Lengua de catalogación spa
041 0# - CÓDIGO DE IDIOMA
Código de lengua del texto/banda sonora o título independiente spa
050 #4 - SIGNATURA TOPOGRÁFICA DE LA BIBLIOTECA DEL CONGRESO
Número de clasificación QC495.5
Número de documento/Ítem P75 2012
100 1# - ASIENTO PRINCIPAL--NOMBRE PERSONAL
Nombre de persona Priddy, Roger
9 (RLIN) 36518
100 1# - ASIENTO PRINCIPAL--NOMBRE PERSONAL
Nombre de persona Tainsh, Robert
9 (RLIN) 51906
245 10 - MENCIÓN DE TÍTULO
Título Colores
260 ## - PUBLICACIÓN, DISTRIBUCIÓN, ETC.
Lugar de publicación, distribución, etc. México :
Nombre del editor, distribuidor, etc. Oceano,
Fecha de publicación, distribución, etc. 2012
300 ## - DESCRIPCIÓN FÍSICA
Extensión 1 volumen, 1 hoja plegable :
Otras características físicas fotografías a color
490 0# - MENCIÓN DE SERIE
Mención de serie Desplegable
650 #2 - ASIENTO SECUNDARIO DE MATERIA - TERMINO TEMATICO
9 (RLIN) 21262
Término de materia o nombre geográfico como elemento de entrada Colores
Subdivisión de forma Literatura infantil
650 #4 - ASIENTO SECUNDARIO DE MATERIA - TERMINO TEMATICO
9 (RLIN) 51814
Término de materia o nombre geográfico como elemento de entrada Libros tridimensionales
902 ## - ELEMENTOS DE DATOS B LOCAL, LDB (RLIN)
Modificó VíctorGodínez/220524
942 ## - ELEMENTOS DE PUNTO DE ACCESO ADICIONAL (KOHA)
Fuente del sistema de clasificación o colocación Library of Congress Classification
Tipo de ítem Koha Libro
Holdings
Estado de retiro Estado de pérdida Fuente del sistema de clasificación o colocación Estado dañado No para préstamo Código de colección Localización permanente Ubicación/localización actual Ubicación en estantería Fecha de adquisición Clasificación Código de barras Fecha visto por última vez Tipo de ítem Koha
    Library of Congress Classification     Infantil Bib. Gregorio Torres Quintero Bib. Gregorio Torres Quintero Sala infantil Planta baja 11/05/2023 QC495.5 P75 2012 329258 31/12/2020 Libro